[Event "Cracovia 2009"]
[Site "Krakow"]
[Date "2009.12.30"]
[Round "4.3"]
[White "Czarnota, Pawel"]
[Black "Fraczek, Daniel"]
[Result "1-0"]
[WhiteElo "2528"]
[BlackElo "2371"]
[PlyCount "57"]
[EventDate "2009.??.??"]

1. Nf3 g6 2. c4 c5 3. Nc3 Bg7 4. g3 Nc6 5. Bg2 e6 6. O-O Nge7 7. d3 O-O 8. a3
b6 9. Rb1 d5 10. cxd5 exd5 11. Bg5 h6 12. Bxe7 Nxe7 13. e3 Ba6 14. Re1 Qd7 15.
d4 Rfd8 16. Qd2 Rac8 17. Rbd1 Bc4 18. Bf1 Bxf1 19. Kxf1 Qh3+ 20. Kg1 g5 21. Qd3
c4 22. Qe2 Qd7 23. e4 dxe4 24. Nxe4 Qf5 25. h4 Nc6 26. hxg5 hxg5 27. d5 Rxd5
28. Nd6 Qd3 29. Qxd3 1-0

[Event "Cracovia 2009"]
[Site "Krakow"]
[Date "2009.12.30"]
[Round "4.4"]
[White "Khaetsky, Roman"]
[Black "Cyborowski, Lukasz"]
[Result "0-1"]
[WhiteElo "2375"]
[BlackElo "2517"]
[PlyCount "80"]
[EventDate "2009.??.??"]

1. e4 c5 2. b4 cxb4 3. a3 bxa3 4. d4 d6 5. Nxa3 Nf6 6. Bd3 e5 7. c3 Nc6 8. Ne2
Be7 9. O-O O-O 10. f4 Bg4 11. Nc2 exd4 12. cxd4 d5 13. e5 Ne4 14. f5 Qd7 15. f6
gxf6 16. Bxe4 dxe4 17. exf6 Bd6 18. Bh6 Rfe8 19. Qd2 e3 20. Nxe3 Bb4 21. Qc1
Rac8 22. Nc2 Bf5 23. Nxb4 Nxb4 24. Qg5+ Bg6 25. Bf8 Rxe2 26. Bc5 Qd5 27. Qg4
Rce8 28. Bxb4 R2e4 29. Qd1 Rxd4 30. Qa4 b5 31. Qa3 Re2 32. Qg3 h5 33. Rae1 Rxe1
34. Bxe1 Rg4 35. Qb8+ Kh7 36. Bg3 h4 37. Qc8 Qd4+ 38. Bf2 Qe4 39. Bg3 hxg3 40.
h3 Rf4 0-1

[Event "Cracovia 2009"]
[Site "Krakow"]
[Date "2009.12.30"]
[Round "4.5"]
[White "Shishkin, Vadim"]
[Black "Duda, Jan-Krzysztof"]
[Result "1-0"]
[WhiteElo "2507"]
[BlackElo "2079"]
[PlyCount "73"]
[EventDate "2009.??.??"]

1. d4 d5 2. c4 e6 3. Nf3 Nf6 4. Nc3 c6 5. Bg5 Nbd7 6. e3 Bd6 7. Qc2 a6 8. Bd3
b5 9. c5 Bb8 10. e4 dxe4 11. Nxe4 Qa5+ 12. Bd2 Qd8 13. a4 Bb7 14. axb5 axb5 15.
Rxa8 Bxa8 16. O-O Qe7 17. Bg5 h6 18. Bh4 g5 19. Bg3 Nxe4 20. Bxe4 O-O 21. Bxb8
Rxb8 22. Re1 Bb7 23. b4 Ra8 24. Ne5 Ra6 25. g3 Nf6 26. Bg2 Qd8 27. Qd3 Kg7 28.
h4 Ne8 29. hxg5 hxg5 30. Bf3 Nf6 31. Qe3 Ng8 32. Kg2 f6 33. Ng4 Bc8 34. Rh1 Qc7
35. Be4 Qb8 36. Nxf6 Kxf6 37. Qf3+ 1-0

[Event "Cracovia 2009"]
[Site "Krakow"]
[Date "2009.12.30"]
[Round "4.6"]
[White "Rutkowski, Maciej"]
[Black "Krzyzanowski, Marcin"]
[Result "1/2-1/2"]
[WhiteElo "2405"]
[BlackElo "2333"]
[PlyCount "59"]
[EventDate "2009.??.??"]

1. d4 d5 2. c4 c6 3. Nf3 Nf6 4. e3 Bf5 5. Nc3 e6 6. Nh4 Bg6 7. Be2 Nbd7 8. Nxg6
hxg6 9. Qc2 Bd6 10. g3 O-O 11. O-O Qe7 12. Bd2 dxc4 13. Bxc4 c5 14. dxc5 Bxc5
15. Rfd1 Rac8 16. Be2 Rfd8 17. Be1 g5 18. Rac1 Bb6 19. Qb3 Nc5 20. Qa3 Rxd1 21.
Rxd1 Rd8 22. Rxd8+ Qxd8 23. Na4 Nxa4 24. Qxa4 Qd5 25. Qc2 Qd7 26. Bf3 g4 27.
Bg2 Nh7 28. h3 gxh3 29. Bxh3 f5 30. Bg2 1/2-1/2

[Event "Cracovia 2009"]
[Site "Krakow"]
[Date "2009.12.30"]
[Round "4.7"]
[White "Brodowski, Piotr"]
[Black "Llaneza Vega, Patricia"]
[Result "1-0"]
[WhiteElo "2425"]
[BlackElo "2276"]
[PlyCount "157"]
[EventDate "2009.??.??"]

1. c4 c5 2. Nc3 Nc6 3. g3 g6 4. Bg2 Bg7 5. Nf3 e5 6. O-O d6 7. Ne1 Be6 8. d3
Nge7 9. Nc2 d5 10. cxd5 Nxd5 11. Ne3 Nde7 12. Qa4 Qd7 13. Ne4 b6 14. Ng5 O-O
15. Nxe6 Qxe6 16. Bd2 Rad8 17. Rfe1 Qd7 18. Rac1 Rfe8 19. Qa6 e4 20. Bxe4 Bxb2
21. Rb1 Bg7 22. a4 Nc8 23. Qb5 Nd4 24. Qxd7 Rxd7 25. Kf1 Nd6 26. Bg2 Rdd8 27.
Nd5 Ne6 28. Rec1 Nd4 29. Bg5 Rb8 30. e3 Ne6 31. Nf6+ Bxf6 32. Bxf6 Rbc8 33. a5
bxa5 34. Be5 Nf5 35. Ra1 c4 36. Bb7 Rcd8 37. d4 Nc5 38. dxc5 Rxe5 39. Rxc4 Rb8
40. Ba6 Re7 41. g4 Ng7 42. Rxa5 Rc7 43. c6 Ne6 44. Rd5 Kg7 45. Rd7 Rb6 46. Rxc7
Nxc7 47. Bb7 Kf8 48. Rd4 Rb1+ 49. Kg2 Rc1 50. Rd8+ Kg7 51. Rd7 Ne6 52. Rd5 Nc7
53. Rd8 a5 54. Rc8 Ne6 55. Ra8 Rc5 56. f4 Nc7 57. Ra7 Ne6 58. Ba8 Nd8 59. Ra6
Ne6 60. Ra7 Nd8 61. Kg3 Ne6 62. h4 h6 63. Kf3 Nd8 64. Ke4 a4 65. f5 gxf5+ 66.
gxf5 Nxc6 67. Bxc6 Rxc6 68. Rxa4 Rc1 69. Ke5 Rc5+ 70. Kf4 Rc1 71. Kg4 Rg1+ 72.
Kh5 Re1 73. Rg4+ Kh7 74. f6 Rxe3 75. Rg7+ Kh8 76. Rxf7 Re4 77. Rg7 Re6 78. Kg6
h5 79. Re7 1-0

[Event "Cracovia 2009"]
[Site "Krakow"]
[Date "2009.12.30"]
[Round "4.8"]
[White "Gbyl, Andrzej"]
[Black "Jerez Perez, Alfonso"]
[Result "0-1"]
[WhiteElo "2270"]
[BlackElo "2406"]
[PlyCount "108"]
[EventDate "2009.??.??"]

1. d4 Nf6 2. c4 g6 3. Nc3 d5 4. cxd5 Nxd5 5. Bd2 Bg7 6. e4 Nb6 7. Be3 O-O 8. h3
f5 9. exf5 Bxf5 10. Nf3 Nc6 11. Qb3+ Kh8 12. d5 Ne5 13. Nxe5 Bxe5 14. Rd1 a5
15. Bd3 a4 16. Qb4 a3 17. b3 Qd6 18. Bc5 Qf6 19. Ne4 Bxe4 20. Qxe4 Ra5 21. Bxb6
Bc3+ 22. Kf1 Qxb6 23. f3 Qd6 24. Bc2 Be5 25. h4 Rf4 26. Qe2 Rxd5 27. Rxd5 Qxd5
28. Be4 Qc5 29. g3 Rf8 30. Kg2 c6 31. f4 Bd6 32. Rf1 Rf6 33. Qd3 Kg7 34. Rf3
Bc7 35. Qc4 Bb6 36. Qxc5 Bxc5 37. Rc3 Bd6 38. Rc4 e5 39. fxe5 Bxe5 40. Ra4 Bd6
41. b4 Re6 42. Bf3 Re7 43. b5 cxb5 44. Ra7 b4 45. Bd5 Kf6 46. Kf3 Ke5 47. Bg8
Kd4 48. g4 h6 49. Ra5 Bc5 50. Ra8 Re3+ 51. Kg2 Kc3 52. Rd8 Kc2 53. Bf7 b3 54.
Bxg6+ Kc3 0-1

[Event "Cracovia 2009"]
[Site "Krakow"]
[Date "2009.12.30"]
[Round "4.9"]
[White "Bronowicki, Mateusz"]
[Black "Kalvaitis, Sigitas"]
[Result "1-0"]
[WhiteElo "2366"]
[BlackElo "2270"]
[PlyCount "83"]
[EventDate "2009.??.??"]

1. d4 e6 2. c4 Nf6 3. Nf3 d5 4. Bg5 Be7 5. Nc3 O-O 6. e3 Nbd7 7. Qc2 c6 8. cxd5
exd5 9. Bd3 Re8 10. h3 Nf8 11. g4 Be6 12. O-O-O Rc8 13. Kb1 c5 14. dxc5 Rxc5
15. Nd4 Qc8 16. Nb3 b6 17. Nxc5 bxc5 18. Bf5 Qb7 19. Qb3 Qa8 20. Bxe6 fxe6 21.
Bf4 N6d7 22. Nb5 Qc6 23. Bg3 a6 24. Nc3 Bf6 25. Nxd5 exd5 26. Qxd5+ Re6 27.
Qxc6 Rxc6 28. Rd6 Rb6 29. b3 Rb5 30. Rc1 Nb6 31. Kc2 a5 32. Kd3 a4 33. bxa4
Nxa4 34. Ra6 c4+ 35. Ke2 Nc5 36. Ra8 c3 37. g5 Rb2+ 38. Kf3 Nd3 39. Bd6 Rxf2+
40. Ke4 Be5 41. Bxf8 Rd2 42. Rf1 1-0

[Event "Cracovia 2009"]
[Site "Krakow"]
[Date "2009.12.30"]
[Round "4.10"]
[White "Rudnicki, Milosz"]
[Black "Dworakowska, Joanna"]
[Result "1-0"]
[WhiteElo "2221"]
[BlackElo "2361"]
[PlyCount "73"]
[EventDate "2009.??.??"]

1. e4 c5 2. Nf3 d6 3. d4 cxd4 4. Nxd4 Nf6 5. Nc3 a6 6. Be3 e5 7. Nb3 Be6 8. f3
h5 9. Be2 Nbd7 10. O-O Rc8 11. a4 Be7 12. a5 O-O 13. Rf2 h4 14. Bf1 Nh5 15. Nd5
Bg5 16. Qd2 Bxe3 17. Nxe3 Nf4 18. g3 hxg3 19. hxg3 Nh5 20. g4 Nf4 21. Rh2 Qg5
22. c4 f5 23. Nxf5 Bxf5 24. exf5 Rxf5 25. Bd3 e4 26. Bxe4 Ne5 27. Rf1 Nxc4 28.
Qd4 Rf7 29. Bh7+ Kf8 30. Bd3 Nxd3 31. Rh8+ Ke7 32. Rxc8 Qh4 33. Qe4+ Nce5 34.
Rc2 Nf4 35. Rh2 Nh3+ 36. Kh1 Rf4 37. Qxf4 1-0

[Event "Cracovia 2009"]
[Site "Krakow"]
[Date "2009.12.30"]
[Round "4.11"]
[White "Nguyen, Piotr"]
[Black "Toma, Katarzyna"]
[Result "1-0"]
[WhiteElo "2353"]
[BlackElo "2233"]
[PlyCount "69"]
[EventDate "2009.??.??"]

1. d4 Nf6 2. Bg5 Ne4 3. Bf4 d5 4. f3 Nf6 5. e4 e6 6. e5 Nfd7 7. Be3 c5 8. c3
Nc6 9. f4 cxd4 10. cxd4 Nb6 11. Nd2 Bd7 12. a3 Na5 13. b3 Rc8 14. Bd3 Rc3 15.
Qb1 Qc8 16. Ne2 Rc7 17. O-O g6 18. Kh1 a6 19. g4 Bh6 20. Qe1 Bb5 21. Bxb5+ axb5
22. Qh4 Bf8 23. f5 Be7 24. Bg5 Qd8 25. Bxe7 Qxe7 26. Qh3 Nc6 27. fxg6 fxg6 28.
Rf6 Rf8 29. g5 Rxf6 30. gxf6 Qd7 31. Nf3 Nd8 32. Ng5 Rc2 33. Rf1 Rxe2 34. f7+
Nxf7 35. Qxh7 1-0

[Event "Cracovia 2009"]
[Site "Krakow"]
[Date "2009.12.30"]
[Round "4.13"]
[White "Strzemiecki, Zbigniew"]
[Black "Warakomska, Anna"]
[Result "1-0"]
[WhiteElo "2333"]
[BlackElo "2189"]
[PlyCount "107"]
[EventDate "2009.??.??"]

1. e4 e5 2. Nf3 Nc6 3. Bb5 a6 4. Bxc6 dxc6 5. O-O Bg4 6. h3 h5 7. d3 Qf6 8.
Nbd2 Ne7 9. Re1 Ng6 10. d4 Nf4 11. hxg4 hxg4 12. g3 gxf3 13. Qxf3 Ne6 14. dxe5
Qh6 15. Nb3 g5 16. Rd1 Qh2+ 17. Kf1 Qh1+ 18. Ke2 Qxf3+ 19. Kxf3 Bg7 20. c3 Bxe5
21. Na5 Rb8 22. Nc4 Bg7 23. Ne3 Rd8 24. Rxd8+ Kxd8 25. Nf5 Bf6 26. Be3 Kc8 27.
Rd1 a5 28. Kg4 b6 29. f4 gxf4 30. gxf4 Rh2 31. e5 Bd8 32. Rd2 Rxd2 33. Bxd2 Kd7
34. Nh6 Ke8 35. Be3 Be7 36. f5 Nc5 37. Bxc5 Bxc5 38. f6 Be3 39. Nf5 Bc1 40.
Ng7+ Kf8 41. b3 Bb2 42. Kf5 Bxc3 43. e6 fxe6+ 44. Nxe6+ Kf7 45. Ng5+ Kf8 46.
Ke6 Bb4 47. Kd7 Bd6 48. Kxc6 Be5 49. a4 Bh2 50. Kd5 Bd6 51. Ke6 Ba3 52. Kd7 Bd6
53. Ne6+ Kf7 54. Nxc7 1-0

[Event "Cracovia 2009"]
[Site "Krakow"]
[Date "2009.12.30"]
[Round "4.14"]
[White "Sadzikowski, Daniel"]
[Black "Swiech, Przemyslaw"]
[Result "1-0"]
[WhiteElo "2287"]
[BlackElo "2134"]
[PlyCount "107"]
[EventDate "2009.??.??"]

1. e4 c5 2. Nf3 d6 3. d4 cxd4 4. Nxd4 Nf6 5. Nc3 a6 6. Bg5 e6 7. f4 Nbd7 8. Qf3
Qc7 9. O-O-O b5 10. Bd3 Bb7 11. Rhe1 Qb6 12. Nd5 Qxd4 13. Bxf6 gxf6 14. Bxb5
Qc5 15. Nxf6+ Kd8 16. Nxd7 Qxb5 17. Nxf8 Rxf8 18. Qa3 Ke8 19. Qxd6 Qc6 20. Qa3
Rc8 21. Rd2 Qc5 22. Qa4+ Bc6 23. Qxa6 Ra8 24. Qd3 Ke7 25. a3 Rfd8 26. Qe3 Qxe3
27. Rxe3 Rxd2 28. Kxd2 Rd8+ 29. Kc3 e5 30. fxe5 Ke6 31. Rd3 Rc8 32. Kd4 Bb5 33.
Rd2 Rd8+ 34. Ke3 Rxd2 35. Kxd2 Kxe5 36. Ke3 Bc6 37. g3 Bxe4 38. c4 h5 39. b4
Bg2 40. Kd3 Bf1+ 41. Kc3 f5 42. b5 h4 43. a4 hxg3 44. hxg3 Be2 45. a5 Kd6 46.
Kb4 Kc7 47. c5 Bf3 48. c6 Be2 49. Kc5 Kc8 50. b6 Bf1 51. Kd6 Bb5 52. b7+ Kb8
53. Kd7 Ba4 54. a6 1-0

[Event "Cracovia 2009"]
[Site "Krakow"]
[Date "2009.12.30"]
[Round "4.15"]
[White "Kaim, Piotr"]
[Black "Sowul, Bartosz"]
[Result "1/2-1/2"]
[WhiteElo "2284"]
[BlackElo "2101"]
[PlyCount "200"]
[EventDate "2009.??.??"]

1. g3 Nf6 2. Bg2 g6 3. d4 Bg7 4. e4 d6 5. Nc3 O-O 6. Nge2 e5 7. O-O c6 8. a4
Qc7 9. a5 Na6 10. h3 exd4 11. Nxd4 Re8 12. Bf4 Bd7 13. Qd2 Rad8 14. Bh6 Bh8 15.
Bg5 Qc8 16. Kh2 Nc5 17. Rae1 Ne6 18. Nxe6 Bxe6 19. f4 h6 20. Bh4 Bc4 21. Rf2
Rd7 22. b3 Ba6 23. Rd1 Qc7 24. b4 Bc4 25. g4 Nh7 26. e5 d5 27. Na4 b6 28. axb6
axb6 29. Nb2 b5 30. Nxc4 bxc4 31. c3 g5 32. fxg5 hxg5 33. Bxg5 Qxe5+ 34. Bf4
Qxc3 35. Qxc3 Bxc3 36. Rc2 Bxb4 37. Rxc4 Bd6 38. Bxd6 Rxd6 39. Rc5 Ng5 40. Rdc1
Ree6 41. h4 Nh7 42. g5 Nf8 43. Bh3 Re2+ 44. Kg3 Re3+ 45. Kh2 Ng6 46. Rxc6 Rxc6
47. Rxc6 Nxh4 48. Bg4 Re5 49. Kg3 Ng6 50. Bd1 Rxg5+ 51. Kf2 Re5 52. Bb3 Kg7 53.
Rd6 Ne7 54. Kf3 f6 55. Kf4 Re4+ 56. Kf3 Rd4 57. Ke2 Kg6 58. Rd7 Re4+ 59. Kf3
Re5 60. Kf4 Kf7 61. Rd6 Kg7 62. Rd7 Kh6 63. Rd6 Rf5+ 64. Kg4 Rg5+ 65. Kf4 Kg7
66. Rd7 Kf8 67. Rd8+ Kf7 68. Rd6 Ng6+ 69. Kf3 Rf5+ 70. Kg4 Ne7 71. Kg3 Rh5 72.
Kg4 Re5 73. Kf4 Re4+ 74. Kf3 Rd4 75. Ke2 Ke8 76. Rxf6 Kd7 77. Ke3 Rb4 78. Bc2
Rc4 79. Bd3 Rb4 80. Rh6 Kc7 81. Kd2 Nc6 82. Kc3 d4+ 83. Kc2 Rb6 84. Rh7+ Kd6
85. Be4 Nb4+ 86. Kd2 Ke5 87. Rb7 Rh6 88. Rxb4 Rh2+ 89. Ke1 Kxe4 90. Rb3 Ra2 91.
Rh3 Rc2 92. Kd1 Rf2 93. Ra3 Rf3 94. Rxf3 Kxf3 95. Kd2 Ke4 96. Ke2 d3+ 97. Kd2
Kd4 98. Kd1 Ke3 99. Ke1 d2+ 100. Kd1 Kd3 1/2-1/2

[Event "Cracovia 2009"]
[Site "Krakow"]
[Date "2009.12.30"]
[Round "4.16"]
[White "Baumann, Dariusz"]
[Black "Rudolf, Michal"]
[Result "0-1"]
[WhiteElo "2085"]
[BlackElo "2381"]
[PlyCount "92"]
[EventDate "2009.??.??"]

1. d4 Nf6 2. c4 e6 3. g3 Bb4+ 4. Bd2 Qe7 5. Bg2 O-O 6. Nf3 Bxd2+ 7. Qxd2 Ne4 8.
Qc2 Qb4+ 9. Nbd2 Nxd2 10. Nxd2 Nc6 11. e3 Qe7 12. O-O d6 13. f4 a5 14. Qc3 Bd7
15. b3 b6 16. a3 Rae8 17. b4 e5 18. d5 axb4 19. axb4 Nb8 20. f5 Bc8 21. Ra7 Qd8
22. Ne4 Nd7 23. c5 bxc5 24. bxc5 dxc5 25. Qa5 Nf6 26. Qxc5 Nxd5 27. Rd1 c6 28.
g4 Qb6 29. Rxd5 Qb1+ 30. Kf2 cxd5 31. Nd6 Rd8 32. Bxd5 Qb2+ 33. Kg3 Qd2 34.
Bxf7+ Kh8 35. Bd5 Ba6 36. Qc7 Qxe3+ 37. Bf3 Qe1+ 38. Kh3 Bf1+ 39. Bg2 Qe3+ 40.
Kh4 Qf2+ 41. Kh5 g6+ 42. Kg5 Qf4+ 43. Kh4 Qxh2+ 44. Kg5 Qf4+ 45. Kh4 g5+ 46.
Kh3 Qf3+ 0-1

[Event "Cracovia 2009"]
[Site "Krakow"]
[Date "2009.12.30"]
[Round "4.17"]
[White "Gumula, Daniel"]
[Black "Sliwerski, Radoslaw"]
[Result "0-1"]
[WhiteElo "2312"]
[BlackElo "2157"]
[PlyCount "82"]
[EventDate "2009.??.??"]

1. d4 Nf6 2. c4 e6 3. Nc3 Bb4 4. Qc2 c5 5. dxc5 O-O 6. a3 Bxc5 7. Nf3 Nc6 8.
Bg5 Nd4 9. Nxd4 Bxd4 10. e3 Qa5 11. exd4 Qxg5 12. Qd2 Qg6 13. f3 b6 14. Bd3 Qh5
15. h4 Bb7 16. O-O-O Qa5 17. Nb5 Qxd2+ 18. Kxd2 a5 19. Rc1 Bc6 20. a4 Rfd8 21.
b3 d6 22. Rhe1 Kf8 23. Re3 h6 24. Be2 Bxb5 25. axb5 Rac8 26. Bd3 Rc7 27. f4 g6
28. Ree1 Rdc8 29. Ke3 Nd5+ 30. Kf3 h5 31. Rcd1 Nb4 32. Bxg6 fxg6 33. Rxe6 Kf7
34. Rxd6 a4 35. Rxb6 axb3 36. c5 Nd5 37. Ra6 Nc3 38. Rd2 Re7 39. Rb2 Nxb5 40.
Ra4 Rd7 41. Ke3 Nc3 0-1

[Event "Cracovia 2009"]
[Site "Krakow"]
[Date "2009.12.30"]
[Round "4.18"]
[White "Jussupow, Ekaterina"]
[Black "Vlcek, Stanislav"]
[Result "0-1"]
[WhiteElo "2153"]
[BlackElo "2286"]
[PlyCount "90"]
[EventDate "2009.??.??"]

1. e4 c5 2. Na3 d6 3. g3 Nc6 4. Bg2 g6 5. c3 Bg7 6. Ne2 e5 7. O-O Be6 8. f4 Qd7
9. d3 Nge7 10. Be3 b6 11. Qd2 d5 12. fxe5 Nxe5 13. Nf4 O-O 14. exd5 Bxd5 15.
Nxd5 Nxd5 16. Bf2 Rad8 17. d4 cxd4 18. Bxd4 Nb4 19. Rad1 Nbc6 20. Be3 Qg4 21.
Qc2 Qe6 22. Bd2 Qxa2 23. Bg5 Rxd1 24. Rxd1 Qe6 25. Qa4 Qf5 26. Qf4 Qe6 27. Bd5
Qc8 28. Nb5 Nd8 29. Be7 Re8 30. Bb4 Qh3 31. Bg2 Qh5 32. Rd5 Ne6 33. Qf1 Ng5 34.
Nd4 Ng4 35. h4 Nh3+ 36. Bxh3 Qxd5 37. Bxg4 Bxd4+ 38. Kh2 Bc5 39. Bxc5 bxc5 40.
Kh3 Re3 41. Qg2 Qe5 42. c4 h5 43. Bd1 a5 44. b3 Kg7 45. Kh2 Qc3 0-1

[Event "Cracovia 2009"]
[Site "Krakow"]
[Date "2009.12.30"]
[Round "4.19"]
[White "Shilov, Sergej"]
[Black "Andrenko, Irina"]
[Result "1/2-1/2"]
[WhiteElo "2267"]
[BlackElo "2154"]
[PlyCount "58"]
[EventDate "2009.??.??"]

1. c4 e5 2. Nc3 Nc6 3. Nf3 g6 4. d4 exd4 5. Nd5 Bg7 6. Bg5 Nce7 7. Nxd4 c6 8.
Nc3 Qb6 9. Nb3 d5 10. Be3 Qd8 11. cxd5 cxd5 12. Bd4 Nf6 13. g3 O-O 14. Bg2 Be6
15. O-O Nc6 16. Bc5 Re8 17. Nd4 Nd7 18. Nxc6 bxc6 19. Bd4 Bxd4 20. Qxd4 Qb6 21.
Qd2 Ne5 22. b3 Rad8 23. Na4 Qb5 24. Rac1 Nd7 25. Rfe1 Bf5 26. Bf1 Qb7 27. h3 h5
28. Nc5 Qb6 29. Qc3 Ne5 1/2-1/2

[Event "Cracovia 2009"]
[Site "Krakow"]
[Date "2009.12.30"]
[Round "4.20"]
[White "Bebchuk, Leonid"]
[Black "Matras-Clement, Agnieszka"]
[Result "1/2-1/2"]
[WhiteElo "2151"]
[BlackElo "2231"]
[PlyCount "108"]
[EventDate "2009.??.??"]

1. e4 e5 2. Nf3 Nc6 3. Bb5 a6 4. Ba4 Nf6 5. O-O b5 6. Bb3 Bc5 7. c3 d6 8. d4
Bb6 9. a4 Rb8 10. axb5 axb5 11. Na3 Bg4 12. Nxb5 O-O 13. Bc2 Bxf3 14. gxf3 Nh5
15. dxe5 dxe5 16. Qxd8 Rfxd8 17. Na3 Nf4 18. Be3 Ne2+ 19. Kh1 Bxe3 20. fxe3
Rxb2 21. Ba4 Rdd2 22. Rfb1 Na5 23. Rxb2 Rxb2 24. Nb5 c6 25. Na7 Nxc3 26. Bxc6
Nb3 27. Ra6 g6 28. Rb6 Nd1 29. Bd5 Nd2 30. Rxb2 Nxb2 31. Kg2 Nd1 32. Bb7 Nxe3+
33. Kf2 Nec4 34. Ke2 Nd6 35. Bd5 N2c4 36. Nc6 Kf8 37. Kd3 Nb2+ 38. Kc3 Nd1+ 39.
Kd2 Nb2 40. Nxe5 f6 41. Nc6 Nbc4+ 42. Ke2 Nb6 43. Be6 Nb7 44. h4 Nc5 45. Ba2
Ke8 46. Ke3 Kd7 47. Nd4 Ke7 48. f4 Nbd7 49. Nb5 Ne6 50. Bxe6 Kxe6 51. Kd4 h6
52. Nc7+ Kd6 53. Nd5 g5 54. fxg5 fxg5 1/2-1/2

[Event "Cracovia 2009"]
[Site "Krakow"]
[Date "2009.12.30"]
[Round "4.22"]
[White "Jagodzinski, Piotr"]
[Black "Kondopoulos, Dimitrios"]
[Result "1-0"]
[WhiteElo "2207"]
[BlackElo "2061"]
[PlyCount "77"]
[EventDate "2009.??.??"]

1. e4 e5 2. Nf3 Nc6 3. Bb5 f5 4. Nc3 fxe4 5. Nxe4 Nf6 6. Nxf6+ Qxf6 7. O-O Be7
8. Qe2 Nd4 9. Nxd4 exd4 10. Re1 c6 11. Bd3 d5 12. b3 Kf7 13. Bb2 Bd6 14. f4 Bd7
15. c4 dxc3 16. Bxc3 d4 17. Bc4+ Kf8 18. Bb2 Re8 19. Qf2 c5 20. b4 g6 21. Qf3
Bc6 22. Rxe8+ Kxe8 23. Bd5 Kd7 24. g3 Re8 25. Bxc6+ bxc6 26. Qa3 Re2 27. bxc5
Be7 28. Qxa7+ Ke8 29. Qb8+ Kf7 30. Qb4 Qe6 31. Qxd4 Bxc5 32. Qxc5 Qe4 33. Qf2
Ke6 34. Qf1 Kd6 35. Be5+ Ke7 36. Bc3 h5 37. f5 gxf5 38. Qh3 h4 39. Qxh4+ 1-0

[Event "Cracovia 2009"]
[Site "Krakow"]
[Date "2009.12.30"]
[Round "4.23"]
[White "Korosciel, Aneta"]
[Black "Barski, Radoslaw"]
[Result "1/2-1/2"]
[WhiteElo "2030"]
[BlackElo "2206"]
[PlyCount "108"]
[EventDate "2009.??.??"]

1. e4 c5 2. Nf3 d6 3. Bb5+ Bd7 4. Bxd7+ Qxd7 5. c4 Nf6 6. Nc3 g6 7. d4 cxd4 8.
Nxd4 Bg7 9. f3 O-O 10. O-O Rc8 11. b3 d5 12. exd5 Nxd5 13. Nxd5 e6 14. Bh6 exd5
15. Bxg7 Kxg7 16. cxd5 Qxd5 17. Ne2 Qf5 18. Qd4+ Qf6 19. Rac1 Nc6 20. Qxf6+
Kxf6 21. Rfd1 Rd8 22. Nc3 Rxd1+ 23. Rxd1 Rc8 24. Rd7 Ke6 25. Rd2 f5 26. f4 h6
27. Re2+ Kd6 28. Rd2+ Kc5 29. a3 Nd4 30. Rd3 b5 31. Ne4+ Kd5 32. Nf6+ Ke6 33.
Rxd4 Kxf6 34. Rd6+ Ke7 35. Rxg6 Rc3 36. Rxh6 Rxb3 37. Rh7+ Ke6 38. Rxa7 Kd5 39.
a4 b4 40. Re7 Ra3 41. a5 b3 42. Rb7 Kc4 43. h4 Rxa5 44. g4 Rb5 45. Rc7+ Kd3 46.
Rc1 Rb4 47. Rb1 Kc2 48. Rf1 b2 49. gxf5 Rb5 50. Kg2 Rxf5 51. Kg3 Rd5 52. Kg4
Rd1 53. Rf2+ Rd2 54. Rf1 Rd1 1/2-1/2

[Event "Cracovia 2009"]
[Site "Krakow"]
[Date "2009.12.30"]
[Round "4.24"]
[White "Zysko, Jan"]
[Black "Goslawski, Michal"]
[Result "0-1"]
[WhiteElo "2205"]
[BlackElo "2021"]
[PlyCount "70"]
[EventDate "2009.??.??"]

1. d4 Nf6 2. Nf3 g6 3. Nc3 d5 4. Bg5 Bg7 5. e3 O-O 6. Ne5 c6 7. Bd3 Nbd7 8. f4
Nxe5 9. fxe5 Ne8 10. Qd2 f6 11. exf6 exf6 12. Bf4 Nd6 13. O-O-O b5 14. Kb1 a5
15. Rdg1 a4 16. Ne2 Be6 17. g4 Ne4 18. Qe1 Ra7 19. h4 Re8 20. Ng3 Qe7 21. Bxe4
dxe4 22. Ne2 Qd7 23. g5 f5 24. h5 Bf7 25. hxg6 hxg6 26. Be5 Qe6 27. Nc1 Bxe5
28. dxe5 Qxe5 29. Qg3 Qg7 30. c3 b4 31. Qe1 a3 32. b3 bxc3 33. Kc2 Rd7 34. Qxc3
Re5 35. Rh2 Rc5 0-1

[Event "Cracovia 2009"]
[Site "Krakow"]
[Date "2009.12.30"]
[Round "4.25"]
[White "Bakalarz, Leszek"]
[Black "De Wachter, Matthias"]
[Result "1-0"]
[WhiteElo "2137"]
[BlackElo "2291"]
[PlyCount "105"]
[EventDate "2009.??.??"]

1. e4 c5 2. Nf3 e6 3. d4 cxd4 4. Nxd4 a6 5. Bd3 d6 6. O-O Nf6 7. c4 b6 8. Nc3
Bb7 9. f4 g6 10. Be3 Nbd7 11. b4 Bg7 12. h3 O-O 13. Qd2 e5 14. Nf3 Nh5 15. fxe5
Nxe5 16. Nxe5 Bxe5 17. Rae1 Qh4 18. Ne2 Ng3 19. Nxg3 Qxg3 20. Bf4 Bxf4 21. Rxf4
a5 22. b5 Rac8 23. Ref1 Rc5 24. Rf6 Bc8 25. R1f3 Qe5 26. Qf4 Qxf4 27. R3xf4 Be6
28. Kf2 Rd8 29. Ke3 Kg7 30. h4 h6 31. Rf2 Rd7 32. Kd4 Bf5 33. R6xf5 gxf5 34.
Rxf5 Re7 35. Rf4 h5 36. Be2 Re6 37. Rf1 Rf6 38. Rf3 Rg6 39. g3 Re5 40. Bd3 Rg4
41. Ke3 f5 42. Rxf5 Rxf5 43. exf5 Kf6 44. Kf2 d5 45. Be2 Rxc4 46. Bxc4 dxc4 47.
Ke3 Kxf5 48. Kd4 a4 49. Kxc4 Ke4 50. a3 Ke5 51. Kd3 Kd5 52. Ke3 Ke5 53. Kf3 1-0

[Event "Cracovia 2009"]
[Site "Krakow"]
[Date "2009.12.30"]
[Round "4.26"]
[White "Kumor, Lukasz"]
[Black "Bartel, Michal"]
[Result "1/2-1/2"]
[WhiteElo "2104"]
[BlackElo "2234"]
[PlyCount "117"]
[EventDate "2009.??.??"]

1. e4 e5 2. Nf3 Nc6 3. Bc4 Nf6 4. d3 h6 5. O-O d6 6. Be3 g6 7. h3 Bg7 8. Qd2 d5
9. exd5 Nxd5 10. Bxd5 Qxd5 11. Nc3 Qd8 12. Rfe1 Be6 13. Ne4 b6 14. b4 f5 15.
Nc3 Kf7 16. b5 Nd4 17. Bxd4 exd4 18. Ne2 Qd6 19. Qf4 Rad8 20. Qxd6 Rxd6 21.
Rab1 a5 22. a4 g5 23. Nd2 Re8 24. Ng3 Rd5 25. Rb2 Bd7 26. Rxe8 Bxe8 27. Ne2 Bd7
28. Nc1 h5 29. Ncb3 g4 30. hxg4 hxg4 31. Rb1 Rd6 32. Re1 Re6 33. Rxe6 Kxe6 34.
Nc4 Kd5 35. Kf1 f4 36. Ke2 Bf6 37. Ke1 Bd8 38. Kd2 g3 39. Ke2 Bg4+ 40. f3 Bd7
41. Ke1 c6 42. Na3 cxb5 43. Nxb5 Bxb5 44. axb5 a4 45. Nc1 Kc5 46. Na2 Kxb5 47.
Kd2 Bf6 48. Kc1 a3 49. Kb1 Ka4 50. Nc1 Be5 51. Ka2 Kb4 52. Ne2 Ka4 53. Ka1 Kb5
54. Ka2 Kb4 55. Ka1 b5 56. Ka2 Ka4 57. Nc1 Bf6 58. Ne2 Be5 59. Nc1 1/2-1/2

[Event "Cracovia 2009"]
[Site "Krakow"]
[Date "2009.12.30"]
[Round "4.27"]
[White "Gosciniak, Maria"]
[Black "Watorek, Marcin"]
[Result "1/2-1/2"]
[WhiteElo "2188"]
[BlackElo "2133"]
[PlyCount "105"]
[EventDate "2009.??.??"]

1. e4 c5 2. Nf3 d6 3. d4 cxd4 4. Nxd4 Nf6 5. Nc3 Nc6 6. Bg5 e6 7. Qd2 a6 8.
O-O-O Bd7 9. f4 b5 10. Nxc6 Bxc6 11. Bd3 b4 12. Ne2 Qb6 13. Ng3 Nd7 14. Rhe1 h6
15. Bh4 g5 16. fxg5 hxg5 17. Bxg5 Bg7 18. Bf1 Qa5 19. Nf5 Be5 20. Kb1 exf5 21.
exf5 Qc7 22. Qxb4 Kf8 23. Rxe5 Nxe5 24. Rxd6 Kg8 25. Bf6 Rb8 26. Qd2 Ng6 27.
fxg6 Rxh2 28. gxf7+ Qxf7 29. Rxc6 Rh1 30. Qg5+ Kf8 31. Qc5+ Kg8 32. Qf2 Qd7 33.
Qg3+ Kh7 34. b3 Rg8 35. Qf3 Rg6 36. Kb2 Rxf1 37. Qxf1 Qxc6 38. Bc3 Rxg2 39.
Qf7+ Kh6 40. Qf6+ Qxf6 41. Bxf6 Kg6 42. Bc3 Kf5 43. b4 Ke4 44. Kb3 Rg3 45. Kc4
Rg2 46. Kb3 Rg3 47. Kc4 Rg2 48. a4 Rxc2 49. b5 axb5+ 50. axb5 Rg2 51. Ba5 Rg5
52. Bc7 Rxb5 53. Kxb5 1/2-1/2

[Event "Cracovia 2009"]
[Site "Krakow"]
[Date "2009.12.30"]
[Round "4.28"]
[White "Pietruszewski, Marcin"]
[Black "Mucha, Roman"]
[Result "1-0"]
[WhiteElo "2071"]
[BlackElo "2185"]
[PlyCount "81"]
[EventDate "2009.??.??"]

1. e4 c5 2. Nf3 d6 3. d4 cxd4 4. Nxd4 Nf6 5. Nc3 a6 6. f3 e5 7. Nb3 Be6 8. Be3
Be7 9. Qd2 Nbd7 10. g4 b5 11. a4 b4 12. Nd5 Bxd5 13. exd5 Nb6 14. a5 Nbd7 15.
Ra4 O-O 16. Rxb4 Qc7 17. Be2 Rfc8 18. c3 Nc5 19. Nxc5 dxc5 20. Rb6 Nd7 21. d6
Bh4+ 22. Kf1 Qd8 23. Rxa6 Rxa6 24. Bxa6 Ra8 25. Bb5 Rxa5 26. c4 Ra2 27. Kg2 Qf6
28. Qc3 Qxd6 29. Qb3 Ra7 30. Rd1 Qb8 31. Qd3 Nf8 32. Bxc5 Ne6 33. Bxa7 Qxa7 34.
Kh1 Qf2 35. c5 g6 36. c6 Bg5 37. Bc4 Bf4 38. Qe2 Qb6 39. Bxe6 fxe6 40. Qc2 Qe3
41. Kg2 1-0

[Event "Cracovia 2009"]
[Site "Krakow"]
[Date "2009.12.30"]
[Round "4.29"]
[White "Jussupow, Nadia"]
[Black "Czyz, Artur"]
[Result "0-1"]
[WhiteElo "2178"]
[BlackElo "2070"]
[PlyCount "52"]
[EventDate "2009.??.??"]

1. d4 Nf6 2. Nf3 g6 3. c4 Bg7 4. Nc3 O-O 5. Bg5 d6 6. e3 h6 7. Bh4 Nc6 8. Be2
Nd7 9. O-O g5 10. Bg3 e5 11. dxe5 dxe5 12. h4 g4 13. Nd2 f5 14. Nd5 Ne7 15. Nb3
Kh8 16. Qc2 Nxd5 17. cxd5 f4 18. Bh2 f3 19. Bd1 Qxh4 20. Qxc7 fxg2 21. Kxg2
Qh3+ 22. Kg1 Rf5 23. Qd8+ Nf8 24. Rc1 Rh5 25. Re1 Qxh2+ 26. Kf1 g3 0-1